Home-making (Record no. 77454)

MARC details
000 -LEADER
fixed length control field 00856cab a2200205 4500
001 - CONTROL NUMBER
control field ##L134319
008 - FIXED-LENGTH DATA ELEMENTS--GENERAL INFORMATION
fixed length control field 060726n2006 000 0 eng u
035 ## - SYSTEM CONTROL NUMBER
System control number (Sirsi) u134319
041 0# - LANGUAGE CODE
Language code of text/sound track or separate title eng
100 1# - MAIN ENTRY--PERSONAL NAME
Personal name Eade, Christine
245 00 - TITLE STATEMENT
Title Home-making
260 ## - PUBLICATION, DISTRIBUTION, ETC.
Date of publication, distribution, etc. 2006
490 #0 - SERIES STATEMENT
Series statement Property Week
Volume/sequential designation 71(29) 21 July 2006, 58-59(2)
520 ## - SUMMARY, ETC.
Summary, etc. Reports on the growing interest in flat-pack construction in certain rural areas of southern England. Baufritz pre-fabricated houses from Bavaria are a greener approach to house-building, with the insulation made from natural materials, but they are not cheap as every property is bespoke. Looks at the attention being paid by planners to this type of building.
590 ## - LOCAL NOTE (RLIN)
Local note IKA010806
651 #4 - SUBJECT ADDED ENTRY--GEOGRAPHIC NAME
Geographic name GERMANY
651 #4 - SUBJECT ADDED ENTRY--GEOGRAPHIC NAME
Geographic name SOUTHERN ENGLAND
690 ## - LOCAL SUBJECT ADDED ENTRY--TOPICAL TERM (OCLC, RLIN)
Topical term or geographic name as entry element BUILT ENVIRONMENT-BUILDING MATERIALS
942 ## - ADDED ENTRY ELEMENTS (KOHA)
Suppress in OPAC 0
Holdings
Withdrawn status Lost status Source of classification or shelving scheme Damaged status Not for loan Home library Current library Shelving location Date acquired Total Checkouts Full call number Barcode Date last seen Copy number Price effective from Koha item type
    Dewey Decimal Classification     London London Journal article 26/07/2006   L134319 134319-1001 06/08/2019 1 06/08/2019 Journal article